000 01092nam a22003497a 4500
001 0024419
003 KOHA_MİRAKIL
005 20260207002439.0
007 ta
008 101112b2007 tu |||gr||||#||||0|tur |
020 _a9789944771870
_c16,27
040 _aTR-BiSEU
_btur
_cTR-BiSEU
_erda
041 0 _atur
044 _ctu
050 _aB4872
_b.B65 2007
100 1 _aBolay, Süleyman Hayri.
245 1 _aTürk düşüncesinde gezintiler/
_cSüleyman Hayri Bolay ; Süleyman Hayri Bolay.
264 1 _aAnkara :
_bNobel
_c2007
300 _a572 sayfa ;
_c24 cm.
336 _ametin
_btxt
_2rdacontent
337 _aaracısız
_bn
_2rdamedia
338 _acilt
_bnc
_2rdacarrier
490 1 _aNobel yayınları ;
_v1059.
490 1 _aFikir ve Kültür Eserleri ;
_v4.
500 _aKaynakça ve dizin var.
650 0 _aPhilosophy--Turkey.
_937399
650 0 _aPhilosophers--Turkey--Bibliography.
_949876
650 0 _aSociology--Turkey.
_94855
830 1 _aNobel yayınları ;
_v1059.
_91490
830 1 _aFikir ve Kültür Eserleri ;
_v4.
_949877
942 _2lcc
_cBK
999 _c24371
_d24371